| 000 | 00612cam a22002171 4500 | ||
|---|---|---|---|
| 001 | sa 66005350 | ||
| 003 | DLC | ||
| 005 | 20260227112248.0 | ||
| 008 | 890517s1965 io 000 0adut | ||
| 010 | _asa 66005350 | ||
| 035 | _a(OCoLC)23408142 | ||
| 040 |
_aDLC _cMiU _dDLC |
||
| 042 | _apremarc | ||
| 043 | _aa-io--- | ||
| 050 | 0 | 0 |
_aHD4303 _b.T3 |
| 100 | 1 | _aTambunan, K. A. | |
| 245 | 1 | 0 | _aEkonomi pembangunan P. N.: kuliah kerdja K. A. Tambunan, untuk mahasiswa F. H. & I. P. K.-U. I. |
| 260 |
_aDjakarta _c[1965] |
||
| 300 |
_a44 l. _c33 cm. |
||
| 650 | 0 |
_aGovernment business enterprises _zIndonesia. |
|
| 999 |
_c69906 _d69906 |
||